Science Quiz

Random Science or Clickable Quiz

Sporcle Clickable Biology Quiz Stats

Quiz Updated Apr 23, 2016

Also try: Biology Grab Bag
Challenge
Share
Tweet
Embed
Score 0/24 Timer 05:00
1 Play Today
% Correct
Taxonomy
85.9%
Biopsy
85.6%
Fat
85%
Virus
83%
Y-chromosome
82.9%
Amoeba
82.1%
Cell or plasma membrane
81.6%
Evolution
81.3%
DNA
80.6%
Mutation
80.1%
Hybridization
76.3%
Cytoskeleton
75.6%
% Correct
Morphology
73.7%
Gene
73.3%
Adaptation
69.8%
Meiosis
69.6%
Mitochondrion
67.7%
Nucleus
65%
Protist
61.9%
RNA
60.3%
Anabolism
55.2%
Heterotroph
54.9%
Replication
52.1%
Binary fission
45.1%

You're not logged in!

Compare scores with friends on all Sporcle quizzes.
Join for Free
OR
Log In

You Might Also Like...

Show Comments

Extras

Top Quizzes Today


Score Distribution

Your Account Isn't Verified!

In order to create a playlist on Sporcle, you need to verify the email address you used during registration. Go to your Sporcle Settings to finish the process.

Report this User

Report this user for behavior that violates our Community Guidelines.

Details: